Essor Monumental et Dynamiques des Populations : la cité Maya de Naachtun (Guatemala) au Classique Ancien (150-550 apr. J.-C.)

محفوظ في:

المؤلف الرئيسي: Hiquet, Julien (مؤلف)

التنسيق: كتاب

منشور في: Oxford Archaeopress Publishing Ltd 2025

الوسوم: إضافة وسم

لا توجد وسوم, كن أول من يضع وسما على هذه التسجيلة!

رقم الطلب:

LEADER 00716namaa2200169 4500
001 9781805830788
003 UkOxAP
005 20260405155018.0
020 |a 9781805830795 
776 1 |x 9781805830788 
245 0 0 |a Essor Monumental et Dynamiques des Populations : la cité Maya de Naachtun (Guatemala) au Classique Ancien (150-550 apr. J.-C.) 
100 1 |a Hiquet, Julien  |e Author  |l English 
856 4 2 |a http://library.arce.org:8087/Archaeopress/Products/9781805830795 
260 |a Oxford  |b Archaeopress Publishing Ltd  |c 2025 
270 |a Archaeopress Publishing Ltd, Summertown Pavillion, 18 -24 Middle Way, Summertown  |b Oxford  |d United Kingdom  |e OX2 7LG  |k 44-1865-311914  |m info@archaeopress.com 
942 |2 lcc  |c EBOOK 
999 |c 62129  |d 62129